000 00823cam a22002057a 4500
020 _a9789251066621
020 _a9251066620
040 _cBTCTA
082 _a664 FOO 2010 A091 Or.
110 2 _aJoint FAO/WHO Expert Committee on Food Additives.
245 1 0 _aCompendium of food additive specifications :
_bJoint FAO/WHO Expert Committee on Food Additives, 73rd Meeting 2010.
260 _aRome :
_bFood and Agriculture Organization of the United Nations,
_c2010.
300 _aix, 151 p. :
_bill. ;
_c30 cm.
490 1 _aFAO JECFA monographs,
500 _a"Joint FAO/WHO Expert Committee on Food Additives, 73rd Meeting, Geneva, 8-17, June, 2009."--P. vii.
650 0 _aFood additives
710 2 _aFood and Agriculture Organization of the United Nations.
710 2 _aWorld Health Organization.
942 _cEK
999 _c15815
_d15815